| 000 | 00854nam a2200265 a 4500 | ||
|---|---|---|---|
| 001 | 000011962 | ||
| 003 | OSt | ||
| 005 | 20240412074229.0 | ||
| 008 | 091102s2006 dr a r 000 0 spa d | ||
| 020 | _a999348234X | ||
| 040 |
_aDO-SdBNP _bspa _cDO-SdBNP |
||
| 082 |
_aRD863.4 _bC422s,2006 |
||
| 100 | 1 |
_aCestero, Tulio M., _q(Tulio Manuel), _d1877-1955 _91698 |
|
| 245 | 1 | 3 |
_aLa sangre : _buna vida bajo la tiranía / _cTulio M. Cestero. |
| 260 |
_aSanto Domingo : _bABC Editorial, _c2006. |
||
| 300 |
_a111 p. : _bil. ; _c22 cm. |
||
| 500 | _aIncluye referencias bibliográficas y notas al pie de las páginas | ||
| 504 | _a | ||
| 590 | _aInventariado, 2019/BT | ||
| 650 | 0 |
_aNovela histórica dominicana. _9860 |
|
| 650 | 0 |
_aLiteratura dominicana. _967 |
|
| 910 | _aValidado. Control de calidad. MMOLINA | ||
| 942 |
_2ddc _cLBS1 |
||
| 956 | _aVMateo | ||
| 999 |
_c11632 _d11632 |
||